Emoji Quiz #35 - Statistics

General Stats
  • This quiz has been taken 7 times
  • The average score is 10 of 25
Answer Stats
Hint Answer % Correct
🌡 {cactus}
100%
πŸ€ four leaf {clover}
100%
🌴 {palm} tree
100%
πŸš‘ {ambulance}
75%
🚌 {bus}
75%
πŸƒ leaf fluttering in {wind}
75%
🍁 {maple} leaf
75%
πŸš“ {police} car
75%
πŸš• {taxi}
75%
πŸš— {automobile}
50%
πŸ‚ {falling} leaf
50%
πŸͺΊ {nest} with eggs
50%
πŸ›Ί auto {rickshaw}
25%
πŸ›» {pickup} {truck}
25%
☘️ {shamrock}
25%
πŸš™ sport {utility} vehicle
25%
πŸ₯€ {wilted} flower
25%
🌳 {deciduous} tree
0%
🌲 {evergreen} tree
0%
🌿 {herb}
0%
🚐 {minibus}
0%
πŸͺ΄ {potted} plant
0%
🌱 {seedling}
0%
🌾 sheaf of {rice}
0%
🚎 {trolley} bus
0%
No matching quizzes found
Score Distribution
Percent of People with Each Score
Percentile by Number Answered
Your Score History
You have not taken this quiz